zpět

Detail výsledku týmu

Simply Coffee, Pardubice

Datum a čas kvízu

26 Celkem bodů Celkový počet nahraných bodů na tomto kvízu bez doplňovacích otázek.
4. Pořadí na kvízu Konečné umístění týmu na tomto kvízu.

Zaznamenané odpovědi

# Otázka Odpověď Body Výsledky
1. „Já v pondělí předložím návrh... 6 000 Kč 1
2. V kalifornském Údolí smrti byl... 54 °C 0
3. Minulý týden byla představena... Patrik Hartl 1
4. V úterý byl v Praze na Vltavě... První český dům vytvořený technologií 3D tisku. 0
5. Jeden český hokejový klub zmod... Dynamo Pardubice 1
6. Začneme u nás, konkrétně pohád... Radúz a Mahulena 1
7. Jak se jmenují tři sestry ve s... C 0
8. William Shakespeare pochopitel... George Bernard Shaw 1
9. Divadelní hry se samozřejmě ne... Jiráskův Hronov 0
10. Jak se jmenuje veleúspěšná hra... Hrdý Budžes 1